00552cam a2200181 a 450000100100000000500170001000800410002702000150006804000290008308200170011210000190012924500490014826000470019730000250024450400330026965000440030265000240034600000209320200929145829.0881109s1989 nyu b 001 0 eng d a0805007512 aDO-SdBNPbengcLCdBNPHU a895.68bK26t1 aKeene, Donald.10aTravelers of a hundred ages /cDonald Keene. aNew York :bHenry Holt and Company,c1989. axi, 468 p. ;c24 cm. aBibliografías: p. 443-449. 4aDiarios japonesesxHistoria y crítica 4aLiteratura japonesa